Performance Engineering : (Record no. 12042)
[ view plain ]
| 000 -LEADER | |
|---|---|
| fixed length control field | 01230cam a22002774a 4500 |
| 001 - CONTROL NUMBER | |
| control field | 12401845 |
| 005 - DATE AND TIME OF LATEST TRANSACTION | |
| control field | 20080306084415.0 |
| 008 - FIXED-LENGTH DATA ELEMENTS--GENERAL INFORMATION | |
| fixed length control field | 010508s2001 gw a b 001 0 eng |
| 010 ## - LIBRARY OF CONGRESS CONTROL NUMBER | |
| LC control number | 2001034201 |
| 020 ## - INTERNATIONAL STANDARD BOOK NUMBER | |
| International Standard Book Number | 3540421459 (pbk. : alk. paper) |
| 040 ## - CATALOGING SOURCE | |
| Original cataloging agency | DLC |
| Transcribing agency | DLC |
| Modifying agency | DLC |
| 042 ## - AUTHENTICATION CODE | |
| Authentication code | pcc |
| 050 00 - LIBRARY OF CONGRESS CALL NUMBER | |
| Classification number | QA76.9.E94 |
| Item number | P425 2001 |
| 082 00 - DEWEY DECIMAL CLASSIFICATION NUMBER | |
| Classification number | 004.24 |
| Edition number | 21 |
| Item number | PER |
| 245 00 - TITLE STATEMENT | |
| Title | Performance Engineering : |
| Remainder of title | state of the art and current trends / |
| Statement of responsibility, etc | Reiner Dumke ... [et al.], (eds.). |
| 260 ## - PUBLICATION, DISTRIBUTION, ETC. (IMPRINT) | |
| Place of publication, distribution, etc | Berlin ; |
| -- | New York : |
| Name of publisher, distributor, etc | Springer, |
| Date of publication, distribution, etc | C2001. |
| 300 ## - PHYSICAL DESCRIPTION | |
| Extent | xiv, 348 p. : |
| Other physical details | ill. ; |
| Dimensions | 23 cm. |
| 440 #0 - | |
| -- | Lecture notes in computer science ; |
| -- | . 2047 |
| -- | 6974 |
| 504 ## - BIBLIOGRAPHY, ETC. NOTE | |
| Bibliography, etc | Includes bibliographical references and index. |
| 650 #0 - SUBJECT ADDED ENTRY--TOPICAL TERM | |
| Topical term or geographic name as entry element | Computer systems |
| General subdivision | Evaluation. |
| 9 (RLIN) | 6975 |
| 700 1# - ADDED ENTRY--PERSONAL NAME | |
| Personal name | Dumke, Reiner. |
| 9 (RLIN) | 6976 |
| 856 42 - ELECTRONIC LOCATION AND ACCESS | |
| Materials specified | Publisher description |
| Uniform Resource Identifier | <a href="http://www.loc.gov/catdir/enhancements/fy0813/2001034201-d.html">http://www.loc.gov/catdir/enhancements/fy0813/2001034201-d.html</a> |
| 942 ## - ADDED ENTRY ELEMENTS (KOHA) | |
| Source of classification or shelving scheme | Dewey Decimal Classification |
| Item type | Book - Borrowing |
| Withdrawn status | Item status | Source of classification or shelving scheme | Damaged status | Not for loan | Vendor | Home library | Current library | Shelving location | Date acquired | Source of acquisition | Cost, normal purchase price | Total Checkouts | Full call number | Barcode | Date last seen | Koha item type |
|---|---|---|---|---|---|---|---|---|---|---|---|---|---|---|---|---|
| Dewey Decimal Classification | Alef-Baa | Central Library | Central Library | Lower Floor | 25/06/2009 | 150.00 | 004.24 PER | 000017098 | 15/07/2025 | Book - Borrowing |